00528nam a2200157Ia 4500100001600000942000700016654001300023245002800036260003800064082001700102300000800119546001200127999001700139952010700156952010700263 aBagde/M.K.  cBK aelements aElements of electronics bS.Chand and Co.aNew Dellhic1984 a621.381bBAG a278 aENGLISH c28181d28181 001040708CRCaCRCEbCRCEd2023-03-17g20.00l0o621.381 BAGp192r2023-03-17v20.00w2023-03-17yBK 001040708CRCaCRCEbCRCEd2023-03-17g20.00l0o621.381 BAGp193r2023-03-17v20.00w2023-03-17yBK